LEADER 00969nam a22002291i 4500 001 991001888699707536 005 20040102190136.0 008 040407s1958 it a||||||||||||||||ita 035 $ab12838597-39ule_inst 035 $aARCHE-081821$9ExL 040 $aDip.to Scienze Storiche$bita$cA.t.i. Arché s.c.r.l. Pandora Sicilia s.r.l. 100 1 $aBattisti, Eugenio$d<1924-1989>$034360 245 10$aSimbolo e classicismo /$cE. Battisti 260 $aRoma :$bIstituto di studi filosofici,$c1958 300 $aP. 216-133, [5] c. di tav. :$bill. ;$c24 cm 500 $aEstr. da: Archivio di filosofia organo dell'Istituto di studi filosofici 907 $a.b12838597$b02-04-14$c16-04-04 912 $a991001888699707536 945 $aLE009 ARTE MISC. 6/15 (Fondo Bottari)$g1$iLE009-3481/15$lle009$o-$pE0.00$q-$rn$so $t0$u0$v0$w0$x0$y.i13391756$z16-04-04 996 $aSimbolo e classicismo$9297291 997 $aUNISALENTO 998 $ale009$b16-04-04$cm$da $e-$fita$git $h0$i1 LEADER 01245nam a2200313 i 4500 001 991000858519707536 005 20020509180502.0 008 000220s1971 it 000 0 ita d 035 $ab11420601-39ule_inst 035 $aPARLA216657$9ExL 040 $aDip.to Filosofia$bita 082 0 $a301 082 0 $a301.092 100 1 $aDe Feo, Nicola Massimo$0159660 245 10$aWeber e Lukacs /$cNicola M. De Feo 260 $aBari :$bDe Donato,$c1971 300 $a183 p. ;$c21 cm 490 0 $aIdeologia e società 650 4$aLukacs, Gyorgy 650 4$aWeber, Max 907 $a.b11420601$b01-03-17$c01-07-02 912 $a991000858519707536 945 $aLE005IF XVI E 5$g2$i2005000090271$lle005$o-$pE0.00$q-$rl$s- $t0$u0$v0$w0$x0$y.i11610840$z01-07-02 945 $aLE005IF XXXIV A 35$g1$i2005000117404$lle005$o-$pE0.00$q-$rl$s- $t0$u1$v0$w1$x0$y.i11610852$z01-07-02 945 $aLE002 Fil. XIV M 14$g1$i2002000544971$lle002$o-$pE0.00$q-$rl$s- $t0$u0$v0$w0$x0$y.i10820127$z28-06-02 945 $aLE022 MP 74 H 6$g1$i2022000076708$lle022$o-$pE0.00$q-$rl$s- $t0$u0$v0$w0$x0$y.i13518239$z03-05-04 996 $aWeber e Lukacs$9508232 997 $aUNISALENTO 998 $ale005$ale002$ale022$b01-01-00$cm$da $e-$fita$git $h0$i2